Central Library OPAC University of Rajshahi

সচিত্র জন্ম নিয়ন্ত্রণ : (Record no. 54540)

MARC details
000 -LEADER
fixed length control field 00938nam a2200229 a 4500
001 - CONTROL NUMBER
control field 54540
003 - CONTROL NUMBER IDENTIFIER
rucl marc code BD-RjUL
005 - DATE AND TIME OF LATEST TRANSACTION
control field 20211209080133.0
008 - FIXED-LENGTH DATA ELEMENTS--GENERAL INFORMATION
fixed length control field 161107s1961 bg ||||| |||| 00| 0 ben d
035 ## - SYSTEM CONTROL NUMBER
System control number (BD-RjUL)54662
040 ## - CATALOGING SOURCE
Original cataloging agency BD-RjUL
Language of cataloging ben
Transcribing agency BD-RjUL
Modifying agency BD-RjUL
041 ## - LANGUAGE CODE
Language code of text/sound track or separate title ben
082 ## - DEWEY DECIMAL CLASSIFICATION NUMBER
Edition number 23
Classification number 613.94
Author mark and year HAS 1961
100 ## - MAIN ENTRY--PERSONAL NAME
Personal name হাসানাৎ, আবুল
9 (RLIN) 127277
245 10 - TITLE STATEMENT
Title সচিত্র জন্ম নিয়ন্ত্রণ :
Remainder of title (মত ও পথ) /
Statement of responsibility, etc. আবুল হাসানাৎ,
250 ## - EDITION STATEMENT
Edition statement সং. ও পরিমার্জিত ৭ম সং.
260 ## - PUBLICATION, DISTRIBUTION, ETC. (IMPRINT)
Place of publication, distribution, etc. ঢাকা :
Name of publisher, distributor, etc. ফ্যামিলি ওয়েলফেয়ার সার্ভিসেস,
Date of publication, distribution, etc. ১৯৬১.
300 ## - PHYSICAL DESCRIPTION
Pagination ১৪৭, (১৩) পৃ. :
Illustrations চিত্র ;
Size ১৮ সেমি.
650 ## - SUBJECT ADDED ENTRY--TOPICAL TERM
Topical term or geographic name as entry element জন্ম নিয়ন্ত্রণ
9 (RLIN) 162697
Topical term or geographic name as entry element Birth Control
9 (RLIN) 162698
942 ## - ADDED ENTRY ELEMENTS (KOHA)
Source of classification or shelving scheme Dewey Decimal Classification
Koha item type Books
Holdings
Lost status Source of classification or shelving scheme Damaged status Not for loan Collection code Permanent Location Current Location Shelving location Date acquired Source of acquisition Cost, normal purchase price Total Checkouts Full call number Date last seen Copy number Koha item type
  Dewey Decimal Classification     Non-fiction Central Library, University of Rajshahi Central Library, University of Rajshahi   17/07/1968 Nowrose, Dhaka. 2.00   B 613.94 HAS 1961 07/11/2016 C-2 Books